Statistics for Flags to countries and capitals

Click here to take the quiz!

General Stats

  • This quiz has been taken 59 times
  • The average score is 46 of 196

Answer Stats

Answer% Correct
Djibouti, Djibouti
78%
New Zealand, Wellington
63%
Slovenia, Ljubljana
63%
Ghana, Accra
59%
Zambia, Lusaka
56%
Seychelles, Victoria
52%
South Korea, Seoul
48%
Greece, Athens
44%
Tunisia, Tunis
41%
Ecuador, Quito
37%
Lebanon, Beirut
37%
Marshall Islands, Majuro
37%
Morocco, Rabat
37%
Bahamas, Nassau
33%
Finland, Helsinki
33%
Ireland, Dublin
33%
Mexico, Mexico City
33%
Saudi Arabia, Riyadh
33%
Albania, Tirana
30%
Andorra, Andorra La Vella
30%
Argentina, Buenos Aires
30%
Austria, Vienna
30%
Belarus, Minsk
30%
Belgium, Brussels
30%
Brazil, Brasilia
30%
Chile, Santiago
30%
China, Beijing
30%
Colombia, Bogota
30%
Croatia, Zagreb
30%
Czech Republic, Prague
30%
Denmark, Copenhagen
30%
France, Paris
30%
Georgia, Tbilisi
30%
Germany, Berlin
30%
Haiti, Port Au Prince
30%
Hungary, Budapest
30%
Italy, Rome
30%
Japan, Tokyo
30%
Kosovo, Pristina
30%
Latvia, Riga
30%
Lithuania, Vilnius
30%
Luxembourg, Luxembourg
30%
Monaco, Monaco
30%
Montenegro, Podgorica
30%
Nauru, Yaren
30%
Netherlands, Amsterdam
30%
Norway, Oslo
30%
Panama, Panama City
30%
Peru, Lima
30%
Portugal, Lisbon
30%
Romania, Bucharest
30%
San Marino, San Marino
30%
Serbia, Belgrade
30%
Singapore, Singapore
30%
Slovakia, Bratislava
30%
Spain, Madrid
30%
Sweden, Stockholm
30%
Switzerland, Bern
30%
Thailand, Bangkok
30%
United Kingdom, London
30%
Venezuela, Caracas
30%
Afghanistan, Kabul
26%
Algeria, Algiers
26%
Angola, Luanda
26%
Armenia, Yerevan
26%
Australia, Canberra
26%
Azerbaijan, Baku
26%
Bangladesh, Dhaka
26%
Bulgaria, Sofia
26%
Cameroon, Yaounde
26%
Canada, Ottawa
26%
Cuba, Havana
26%
Cyprus, NIcosia
26%
Egypt, Cairo
26%
Estonia, Tallinn
26%
Guatemala, Guatemala City
26%
Iceland, Reykjavik
26%
Iraq, Baghdad
26%
Israel, Jerusalem
26%
Jamaica, Kingston
26%
Kenya, Nairobi
26%
Liechtenstein, Vaduz
26%
Malaysia, Kuala Lumpur
26%
Malta, Valletta
26%
Moldova, Chișinău
26%
North Korea, Pyongyang
26%
Pakistan, Islamabad
26%
Philippines, Manila
26%
Poland, Warsaw
26%
Qatar, Doha
26%
Russia, Moscow
26%
Sri Lanka, Sri Jayawardenapura Kotte
26%
Syria, Damascus
26%
Taiwan, Taipei
26%
Turkey, Ankara
26%
Ukraine, Kyiv
26%
United States, Washington D.C
26%
Uruguay, Montevideo
26%
Vietnam, Hanoi
26%
Bahrain, Manama
22%
Eswatini, Mbabane
22%
Fiji, Suva
22%
Grenada, Saint George's
22%
Honduras, Tegucigalpa
22%
Indonesia, Jakarta
22%
Iran, Tehran
22%
Kazakhstan, Astana
22%
Laos, Vientiane
22%
Liberia, Monrovia
22%
Libya, Tripoli
22%
Madagascar, Antananarivo
22%
Mongolia, Ulaanbaatar
22%
Nepal, Kathmandu
22%
Nicaragua, Managua
22%
Oman, Muscat
22%
Paraguay, Asuncion
22%
Turkmenistan, Ashgabat
22%
Uzbekistan, Tashkent
22%
Vatican City, Vatican City
22%
Barbados, Bridgetown
19%
Belize, Belmopan
19%
Bhutan, Thimphu
19%
Brunei, Bandar Seri Begawan
19%
Burkina Faso, Ouagadougou
19%
Burundi, Gitega
19%
Chad, N'Djamena
19%
Comoros, Moroni
19%
Costa Rica, San Jose
19%
Dominican Republic, Santo Domingo
19%
Dominica, Roseau
19%
El Salvador, San Salvador
19%
Eritrea, Asmara
19%
Ethiopia, Addis Ababa
19%
Gabon, Libreville
19%
Guyana, Georgetown
19%
India, New Dehli
19%
Ivory coast, Yamoussoukro
19%
Kuwait, Kuwait City
19%
Kyrgyzstan, Bishkek
19%
Lesotho, Maseru
19%
Mauritius, Port Louis
19%
Namibia, Windhoek
19%
Nigeria, Abuja
19%
Palau, Ngerulmud
19%
Rwanda, Kigali
19%
Samoa, Apia
19%
Senegal, Dakar
19%
Somalia, Mogadishu
19%
Sudan, Khartoum
19%
Tonga, Nuku'alofa
19%
Tuvalu, Funafuti
19%
Uganda, Kampala
19%
Zimbabwe, Harare
19%
Cambodia, Phnom Penh
15%
Cape Verde, Praia
15%
Central African Republic, Bangui
15%
East Timor, Dili
15%
Gambia, Banjul
15%
Guinea-Bissau, Bissau
15%
Kiribati, South Tarawa
15%
Malawi, Lilongwe
15%
Maldives, Male
15%
Mali, Bamako
15%
Mauritania, Nouakchott
15%
Mozambique, Maputo
15%
Niger, Niamey
15%
Sierra Leone, Freetown
15%
Solomon Islands, Honiara
15%
South Sudan, Juba
15%
Suriname, Paramaribo
15%
Togo, Lome
15%
Bosnia & Herzegovina, Sarajevo
11%
Guinea, Conakry
11%
Jordan, Amman
11%
Myanmar, Naypyidaw
11%
Saint Lucia, Castries
11%
Tanzania, Dodoma
11%
United Arab Emirates, Abu Dhabi
11%
Vanuatu, Port Villa
11%
Antigua and Barbuda, Saint John's
7%
Benin, Porto Novo and Cotonou
7%
Botswana, Gabarone
7%
F.S. of Micronesia, Palikir
7%
Saint Vincent and the Grenadines, Kingstown
7%
São Tomé and Príncipe, Sao Tome
7%
South Africa, Pretoria, Bloemfontein, Cape Town
7%
Trinidad &Tobago, Port of Spain
7%
Bolivia, La Paz and Sucre
4%
Dem. Rep. of Congo, Kinshasa
4%
Equitoreal Guinea, Malabo
4%
North Macadonia, Skopje
4%
Papa New Guinea, Port Moresby
4%
Rep. of Congo, Brazzaville
4%
St Kitts and Nevis, Basseterre
4%
Tajikstan, Dushanbe
4%
Yemen, Oman
4%

Score Distribution

Percentile by Number Answered

Percent of People with Each Score

Your Score History

You have not taken this quiz